000 01652cam a22004454i 4500
003 PE-LiUPU
005 20250731184604.0
008 150616s r 000 0 d
035 _a(Sirsi) a5437
040 _aPE-LiUPU
_bspa
_cPE-LiUPU
_erda
049 _aPRUA
082 0 4 _a985.061
_bC749b
_223
100 1 _aCongrains Martín, Eduardo,
_eautor.
245 1 3 _aLa Batalla de San Juan :
_b(Chorrillos) /
_cEduardo Congrains Martín.
264 1 _aLima :
_bEditorial Ecoma,
_c1973.
300 _a149 páginas ;
_c17 centímetros.
336 _atext
_2rdacontent
337 _aunmediated
_2rdamedia
338 _avolume
_2rdacarrier
490 0 _a(Biblioteca Histórica Ecoma, Serie "Reinvindicación" ;
_vVIII Tomo)
505 0 _aIntrigas diplomáticas en torno a la Guerra del Pacífico -- Gestiones ante la cancillería argentina -- Ecuador y Colombia -- Brasil -- La conferencia de Paz en Arica -- Tentativas chilenas para que Bolivia traicionara al Perú -- Arica 22 de Octubre de 1880 -- Balance final -- Génesis de la gestión dictatorial de Piérola -- La implantación del Inca de Papel -- La ciudadela Piérola -- Piérola & Dreyfus.
526 _aP136
526 _aP135
526 _aP134
526 _aP133
526 _aP144
526 _aP143
526 _aP87
526 _aP35
526 _aP20
526 _aP14
526 _aP10
526 _aP06
648 0 _aMiraflores, Batalla de, 1881.
_92120
910 _ajck
942 _2ddc
_cBK
_n0
980 _81
_gALBERTO SANCHEZ Responsable de Automatización
999 _c56465
_d56465